Islam to-day / (Record no. 27406)
[ view plain ]
| 000 -LEADER | |
|---|---|
| fixed length control field | 00847nam a2200265 a 4500 |
| 001 - CONTROL NUMBER | |
| control field | 27406 |
| 003 - CONTROL NUMBER IDENTIFIER | |
| rucl marc code | BD-RjUL |
| 005 - DATE AND TIME OF LATEST TRANSACTION | |
| control field | 20211209051142.0 |
| 008 - FIXED-LENGTH DATA ELEMENTS--GENERAL INFORMATION | |
| fixed length control field | 860101s1943 enkab b 000 0 eng d |
| 035 ## - SYSTEM CONTROL NUMBER | |
| System control number | (BD-RjUL)27479 |
| 040 ## - CATALOGING SOURCE | |
| Original cataloging agency | DLC |
| Transcribing agency | NJB |
| Modifying agency | OCL |
| -- | BD-RjUL |
| Language of cataloging | eng |
| 041 ## - LANGUAGE CODE | |
| Language code of text/sound track or separate title | eng |
| 043 ## - GEOGRAPHIC AREA CODE | |
| Geographic area code | a------ |
| -- | f------ |
| 082 ## - DEWEY DECIMAL CLASSIFICATION NUMBER | |
| Classification number | 909.09767 |
| Edition number | 23 |
| Author mark and year | ISL 1943 |
| 245 00 - TITLE STATEMENT | |
| Title | Islam to-day / |
| Statement of responsibility, etc. | edited by A. J. Arberry and Rom Landau. |
| 260 ## - PUBLICATION, DISTRIBUTION, ETC. (IMPRINT) | |
| Place of publication, distribution, etc. | London : |
| Name of publisher, distributor, etc. | Faber and Faber limited, |
| Date of publication, distribution, etc. | [1943]. |
| 300 ## - PHYSICAL DESCRIPTION | |
| Pagination | 258 p. : |
| Illustrations | plates, fold. map. ; |
| Size | 23 cm. |
| 500 ## - GENERAL NOTE | |
| General note | "First published in Mcmxliii." |
| 504 ## - BIBLIOGRAPHY, ETC. NOTE | |
| Bibliography, etc | Bibliography: p. 286-289. "Biographical notes": p. 240-242. |
| 650 #0 - SUBJECT ADDED ENTRY--TOPICAL TERM | |
| Topical term or geographic name as entry element | Muslims. |
| 9 (RLIN) | 223952 |
| Topical term or geographic name as entry element | Islam. |
| 9 (RLIN) | 223953 |
| 700 1# - ADDED ENTRY--PERSONAL NAME | |
| Personal name | Arberry, A. J. , ed. |
| Personal name | Landau, Rom, |
| Dates associated with a name | 1899-1974, jt. ed. |
| 942 ## - ADDED ENTRY ELEMENTS (KOHA) | |
| Source of classification or shelving scheme | Dewey Decimal Classification |
| Koha item type | Rare Books |
| Lost status | Source of classification or shelving scheme | Damaged status | Not for loan | Collection code | Permanent Location | Current Location | Shelving location | Date acquired | Total Checkouts | Full call number | Date last seen | Copy number | Koha item type |
|---|---|---|---|---|---|---|---|---|---|---|---|---|---|
| Dewey Decimal Classification | Not For Loan | Rare Books | Central Library, University of Rajshahi | Central Library, University of Rajshahi | Rare Book Section | 21/10/2018 | RA 909.09767 ISL 1943 | 21/10/2018 | C-1 | Rare Books |